A rosy future? (Record no. 77591)

MARC details
000 -LEADER
fixed length control field 01241cab a2200205 4500
001 - CONTROL NUMBER
control field ##L134617
008 - FIXED-LENGTH DATA ELEMENTS--GENERAL INFORMATION
fixed length control field 060818n2006 000 0 eng u
035 ## - SYSTEM CONTROL NUMBER
System control number (Sirsi) u134617
041 0# - LANGUAGE CODE
Language code of text/sound track or separate title eng
100 1# - MAIN ENTRY--PERSONAL NAME
Personal name McCullogh, David
245 02 - TITLE STATEMENT
Title A rosy future?
260 ## - PUBLICATION, DISTRIBUTION, ETC.
Date of publication, distribution, etc. 2006
490 #0 - SERIES STATEMENT
Series statement RICS Building Surveying Faculty The Journal
Volume/sequential designation July 2006 7(1)
520 ## - SUMMARY, ETC.
Summary, etc. Considers the challenges posed to building control surveyors by present and future changes to Building Regulations. Whilst building control surveyors suffer from staff shortages and have been accused of failing to enforce compliance with existing regulations, particularly on energy efficiency, it is generally accepted that designers and other construction professionals rely overmuch on building control surveyors to assume responsibility for site compliance. The Sustainable and Secure Buildings Act 2004 s9 places responsibility for compliance on an Appointed Person, emphasising that responsibility rests with the person having the works carried out.
590 ## - LOCAL NOTE (RLIN)
Local note IKA220806
650 24 - SUBJECT ADDED ENTRY--TOPICAL TERM
Topical term or geographic name entry element SUSTAINABLE AND SECURE BUILDINGS ACT 2004 S9
651 #4 - SUBJECT ADDED ENTRY--GEOGRAPHIC NAME
Geographic name England and Wales
Chronological subdivision 1543-
690 ## - LOCAL SUBJECT ADDED ENTRY--TOPICAL TERM (OCLC, RLIN)
Topical term or geographic name as entry element BUILT ENVIRONMENT-BUILDING STANDARDS-BUILDING CONTROL SURVEYORS
942 ## - ADDED ENTRY ELEMENTS (KOHA)
Suppress in OPAC 0
Holdings
Withdrawn status Lost status Source of classification or shelving scheme Damaged status Not for loan Home library Current library Shelving location Date acquired Total Checkouts Full call number Barcode Date last seen Copy number Price effective from Koha item type
    Dewey Decimal Classification     London London Journal article 18/08/2006   L134617 134617-1001 06/08/2019 1 06/08/2019 Journal article